[Event "Ragusa Province-ch"]
[Site "Modica"]
[Date "2010.02.06"]
[Round "5"]
[White "Tumino, Andrea"]
[Black "Arangio, Alessandro"]
[Result "1-0"]
[WhiteElo "1556"]
[BlackElo "1575"]
[PlyCount "71"]
[EventDate "2010.01.30"]
[EventType "swiss"]
[EventRounds "8"]
[EventCountry "ITA"]
[SourceTitle "EXT 2024"]
[Source "ChessBase"]
[SourceDate "2023.10.10"]
[SourceVersion "1"]
[SourceVersionDate "2023.10.10"]
[SourceQuality "1"]

1. e4 c5 2. Nf3 Nc6 3. d4 cxd4 4. Nxd4 Nf6 5. Nc3 e5 6. Nxc6 bxc6 7. Bg5 Be7 8. Bxf6 Bxf6 9. Bc4 0-0 10. 0-0 Bg5 11. Qf3 d6 12. Rfd1 Be6 13. Bb3 Qd7 14. h3 Bxb3 15. axb3 f5 16. Qd3 Be7 17. f3 fxe4 18. fxe4 Rab8 19. Qc4+ Kh8 20. Ra6 Rb6 21. Rda1 Rxa6 22. Rxa6 Rc8 23. Qa4 Bg5 24. Nd5 Qe8 25. Nc3 Be3+ 26. Kh1 Qf7 27. Qa1 d5 28. exd5 cxd5 29. Qd1 Rd8 30. Nb5 Qb7 31. Rd6 Rxd6 32. Nxd6 Qc6 33. Nf7+ Kg8 34. Nxe5 Qf6 35. Qxd5+ Kh8 36. Qa8+ 1-0